| 000 | 00476nam a22001337a 4500 | ||
|---|---|---|---|
| 008 | 240220b |||||||| |||| 00| 0 eng d | ||
| 020 | _a9788466238809 | ||
| 082 |
_a920.72 _bC67gl |
||
| 100 |
_aCorredor, Paloma _eautor _943462 |
||
| 245 |
_aGrandes mujeres de la historia: _bpersonajes entre el mito y el olvido que cambiaron el mundo / _cPaloma Corredor |
||
| 260 |
_aMadrid: _bEditorial LIBSA, _c2019 |
||
| 300 |
_a160 Páginas: _bIlustraciones a color; _c27 cm. |
||
| 942 | _2ddc | ||
| 999 |
_c30655 _d17039 |
||